Przywódcy, prezydenci i pierwsi sekretarze. - Statystyki

Ogólne statystyki
  • Ten quiz został rozwiązany 4 495 razy
  • Średni wynik to 10 z 14
Statystyki odpowiedzi
Hint Odpowiedź % Poprawnych
2010 - Bronisław Komorowski
96%
2005 - 10 Lech Kaczyński
96%
1990 - 95 Lech Wałęsa
96%
1995 - 2005 Aleksander Kwaśniewski
94%
1981 - 90 Wojciech Jaruzelski
92%
1918 - 22 Józef Piłsudski
85%
1922 Gabriel Narutowicz
81%
1945 - 56 Bolesław Bierut
79%
1970 - 80 Edward Gierek
78%
1956 - 70 Władysław Gomułka
77%
1926 - 39 Ignacy Mościcki
66%
1922 - 26 Stanisław Wojciechowski
48%
1980 - 81 Stanisław Kania
31%
1956 Edward Ochab
29%
Nie znaleziono quizów pasujących do podanych kryteriów
Rozkład punktacji
Procent ludzi z każdym wynikiem
Percentyl według liczby udzielonych odpowiedzi
Twoja historia wyników
Nie rozwiązałeś tego quizu